Las fronteras de la enfermedad (Record no. 79248)

MARC details
000 -LEADER
campo de control de longitud fija 00710nam a2200205 i 4500
001 - NÚMERO DE CONTROL
campo de control 79248
003 - IDENTIFICADOR DE NÚMERO DE CONTROL
campo de control ES-MaACL
005 - FECHA Y HORA DE LA ÚLTIMA TRANSACCIÓN
campo de control 20230906173933.0
007 - CAMPO FIJO DE DESCRIPCIÓN FÍSICA--INFORMACIÓN GENERAL
campo de control de longitud fija t|
008 - DATOS DE LONGITUD FIJA--INFORMACIÓN GENERAL
campo de control de longitud fija 041020s1906 sp ||||1| spa d
100 1# - ENTRADA PRINCIPAL--NOMBRE DE PERSONA
Nombre de persona Héricourt, Jules.
9 (RLIN) 62717
245 14 - MENCIÓN DEL TÍTULO
Título Las fronteras de la enfermedad
Resto del título : enfermedades latentes y enfermedades atenuadas /
Mención de responsabilidad, etc. J. Héricourt ; versión de José Muñoz Escámez.
260 ## - PUBLICACIÓN, DISTRIBUCIÓN, ETC.
Lugar de publicación, distribución, etc. Madrid :
Nombre del editor, distribuidor, etc. Librería Gutenbert,
Fecha de publicación, distribución, etc. 1906 (
Fabricante Ratés)
300 ## - DESCRIPCIÓN FÍSICA
Extensión 273 p. ;
Dimensiones 19 cm.
490 1# - MENCIÓN DE SERIE
Mención de serie Biblioteca de Filosofía científica
700 1# - ENTRADA AGREGADA--NOMBRE PERSONAL
Nombre de persona Muñoz Escamez, José.
9 (RLIN) 84409
830 0# - PUNTO DE ACCESO ADICIONAL DE SERIE-TÍTULO UNIFORME
Título uniforme Biblioteca de Filosofía científica
9 (RLIN) 231423
852 ## - LOCALIZACIÓN
Ubicación ES-MaACL
Número de control de estantería F-6179
Holdings
Estatus retirado Estado de pérdida Estado de daño No para préstamo Biblioteca de origen Biblioteca actual Ubicación en estantería Fecha de adquisición Fuente de adquisición Total de préstamos Signatura topográfica completa Código de barras Visto por última vez Precio de reemplazo Tipo de ítem Koha
        Biblioteca del Ateneo de Madrid Biblioteca del Ateneo de Madrid Depósito 2 17/01/2008     F-6179 1082875 23/02/2023 23/02/2023 Libro impreso